Malines - Choix multiples - Statistiques

Statistiques générales
  • Ce quiz a été pris 9 fois
  • Le résultat moyen est 4 sur 10
Statistiques - réponses
Question Réponse % Correct
Parmi les chiens suivants, reconnaissez-vous le berger malinois ?
89%
Parmi ces compositeurs classiques germanophones, lequel a des origines malinoises par son grand-père maternel quoiqu'il n'ait lui-même jamais vécu à Malines ? Ludwig van Beethoven
56%
Dans quelle province belge se situe Malines ? Anvers
44%
À côté de la cathédrale de Malines, un monument commémore des insurgés contre l'occupant révolutionnaire français. Au cours de quelle guerre se battirent ces insurgés ? La Guerre des Paysans
44%
À quelle espèce d'oiseaux appartient le "malinois" ? Un canari
44%
Reconnaissez-vous Malines sur l'une des images suivantes ?
33%
Quel astronome et prêtre formé au Grand séminaire de Malines établit la théorie du Big Bang ? Le Père Georges Lemaître
33%
Les "Conversations de Malines" sont un dialogue entre catholiques et représentants d'une autre religion en vue de mieux les comprendre et mieux répondre à leurs arguments. À quelle religion adhéraient ces gens ? L'anglicanisme
22%
À partir de 1832, quelle personnalité importante en Belgique résida à Malines ? Le primat de Belgique
22%
Quelle volaille de grande taille, grosse productrice de chair blanche très fine, est la spécialité culinaire de la ville ? Le coucou de Malines
11%
Aucun quiz correspondant
Distribution des résultats
% des personnes avec chaque résultat
Percentile par nombre de réponses
Votre historique - résultats
Vous n’avez pas pris ce quiz